| 000 | 01112nam a22003377a 4500 | ||
|---|---|---|---|
| 999 |
_c20535 _d20535 |
||
| 005 | 20191030043144.0 | ||
| 008 | 191030b xxu||||| |||| 00| 0 spa d | ||
| 020 | _a9788997462407 | ||
| 040 |
_aCO-BoIAVH _cCO-BoIAVH |
||
| 041 | _aeng | ||
| 044 | _ako | ||
| 082 |
_a333.95074 _bL51b |
||
| 100 | 1 | _aLee, Woo-Shin | |
| 245 |
_aBiodiversity of Cambodia: _bCardamom Protected forest & Seima Biodiversity Conservation Area. |
||
| 260 |
_aIncheon: _bNational Institute of Biological Resources, _c2012. |
||
| 300 |
_a341 Páginas: _bfotografías, _c22 x 15 cm. |
||
| 490 | _aBiodiversity of Cambodia. | ||
| 650 | 0 | _aGuía Ilustrada | |
| 650 | 0 | _aCatálogo especies | |
| 650 | 0 | _aBiodiversidad | |
| 650 | 0 | _aConservación de los recursos naturales | |
| 700 | _aAhn, Yeonsoon | ||
| 700 | _aKim, Yong-Jin | ||
| 700 | _aLim, Moonsoo | ||
| 700 | _aLee, Byoung-Hee | ||
| 700 | _aKimsun, Chheng | ||
| 700 | _aAng, Chea Sam | ||
| 700 | _aMasphal, Kry | ||
| 700 | _aPark, Sungjin | ||
| 942 |
_2ddc _cLIBRO |
||